000 00746nam a2200253 i 4500
001 107364
003 ES-MaACL
005 20260525062931.0
007 t|
008 070109s1973 sp ||||1| spa d
020 _a84-239-1617-4
080 _a821.134.2-24"19"
100 1 _aCamón Aznar, José,
_d1898-1979
_934095
245 1 3 _aEl papa Luna ; Nerón ; El tigre /
_cJosé Camón Aznar.
260 _aMadrid :
_bEspasa Calpe,
_c[1973]
300 _a176 p. ;
_c28 cm.
490 1 _aColección austral ;
_v1517
500 _aBiblioteca Jacinto Martínez Lacalle.
740 0 _aNerón.
740 3 _aEl tigre.
830 0 _aColección austral
_v1517
_9177655
852 _aES-MaACL
_jE-11515
_bR.139513
999 _c107364
_d107364